[Event "FRA-chT Entreprises"]
[Site "France"]
[Date "1999.10.09"]
[Round "2"]
[White "Salami, Reza"]
[Black "Hartereau, Philippe"]
[Result "0-1"]
[WhiteElo "2262"]
[BlackElo "2197"]
[PlyCount "52"]
[EventDate "1999.10.09"]
[EventType "team"]
[EventRounds "2"]
[EventCountry "FRA"]
[SourceTitle "EXT 2002"]
[Source "ChessBase"]
[SourceDate "2001.11.25"]
[SourceVersion "1"]
[SourceVersionDate "2001.11.25"]
[SourceQuality "1"]

1. d4 Nf6 2. Nf3 e6 3. Bg5 c5 4. e3 Qb6 5. Nbd2 d5 6. Bd3 Nc6 7. Bxf6 gxf6 8. dxc5 Bxc5 9. Nb3 Be7 10. c3 Bd7 11. 0-0 h5 12. e4 dxe4 13. Bxe4 0-0-0 14. Qe2 Rhg8 15. Nbd4 f5 16. Bxc6 Bxc6 17. Nxc6 Qxc6 18. Rfd1 Bd6 19. Rd4 Rg4 20. Rad1 Re4 21. Qd3 Rxd4 22. Nxd4 Qd5 23. Qe2 h4 24. c4 Qe5 25. g3 hxg3 26. hxg3 Bc7 0-1